| 000 | 00719nam a2200193 u 4500 | ||
|---|---|---|---|
| 005 | 20210223133819.0 | ||
| 008 | 190605s2006 mx r 000 0 spa d | ||
| 020 | _a9688107247 | ||
| 035 | _aUPN01000231014 | ||
| 049 | _aCG | ||
| 050 | 4 |
_aHF1482.5 A4.2 _bC6.6 2005 |
|
| 245 | 0 | 3 | _aLa cooperación mexicana con Centroamérica y el Caribe 2005. |
| 260 |
_aMéxico : _bComisión Mexicana para la Cooperación con Centroamérica y el Caribe, _c2006. |
||
| 300 |
_a74 p. : _bil., cuadros + _e1 CD-ROM ; 4 3/4 |
||
| 651 | 4 |
_aMEXICO - _xRELACIONES ECONOMICAS EXTRANJERAS - _zAMERICA CENTRAL _922312 |
|
| 651 | 4 |
_aMEXICO - _xRELACIONES ECONOMICAS EXTRANJERAS - _zCARIBE (REGION) _922314 |
|
| 905 | _aLibro | ||
| 999 |
_c203109 _d203109 |
||